[Event "IND-ch 60th"]
[Site "Pune"]
[Date "2023.08.25"]
[Round "10"]
[White "Setumadhav, Yellumahanthi"]
[Black "Mehar, Chinna Reddy CH"]
[Result "1/2-1/2"]
[WhiteElo "1942"]
[BlackElo "2384"]
[PlyCount "78"]
[EventDate "2023.08.16"]
[EventType "swiss"]
[EventRounds "11"]
[EventCountry "IND"]
[SourceTitle "EXT 2024"]
[Source "ChessBase"]
[SourceDate "2023.10.10"]
[SourceVersion "1"]
[SourceVersionDate "2023.10.10"]
[SourceQuality "1"]

1. e4 d6 2. d4 Nf6 3. Bd3 e5 4. c3 Nc6 5. Nf3 g6 6. h3 Bg7 7. 0-0 0-0 8. Re1 h6 9. Na3 Re8 10. dxe5 Nxe5 11. Nxe5 dxe5 12. Nc4 Nh5 13. Qe2 Nf4 14. Bxf4 exf4 15. Nd2 Be6 16. Nf3 Qe7 17. Bc4 Qc5 18. Bxe6 Rxe6 19. Qd2 g5 20. Re2 Rae8 21. Rae1 Qc4 22. Qd7 Bf6 23. b3 Qxc3 24. Qb5 Qc6 25. Qf5 Bg7 26. h4 Rf6 27. Qg4 Rg6 28. hxg5 hxg5 29. e5 Qe6 30. Qh5 g4 31. Nh4 Rh6 32. Qg5 g3 33. Qxf4 gxf2+ 34. Rxf2 Rh5 35. Nf5 Qg6 36. Nh4 Qe6 37. Nf5 Qg6 38. Nh4 Qe6 39. Nf5 Qg6 1/2-1/2